De groene slang, (Record no. 6088)

MARC details
000 -LEADER
fixed length control field 00750cam a22002291 4500
001 - CONTROL NUMBER
control field af 48004519
003 - CONTROL NUMBER IDENTIFIER
control field DLC
005 - DATE AND TIME OF LATEST TRANSACTION
control field 20260227110908.0
008 - FIXED-LENGTH DATA ELEMENTS--GENERAL INFORMATION
fixed length control field 890227s1940 ne a 000 0 dut c
010 ## - LIBRARY OF CONGRESS CONTROL NUMBER
LC control number af 48004519
035 ## - SYSTEM CONTROL NUMBER
System control number (OCoLC)19274873
040 ## - CATALOGING SOURCE
Original cataloging agency California. Univ. Libr.
Transcribing agency CU
Modifying agency DLC
041 1# - LANGUAGE CODE
Language code of text/sound track or separate title dut
Language code of original ger
042 ## - AUTHENTICATION CODE
Authentication code premarc
050 00 - LIBRARY OF CONGRESS CALL NUMBER
Classification number PT1971.M2
Item number D8
100 1# - MAIN ENTRY--PERSONAL NAME
Personal name Goethe, Johann Wolfgang von,
Dates associated with a name 1749-1832.
245 13 - TITLE STATEMENT
Title De groene slang,
Remainder of title een sprookje.
Statement of responsibility, etc. Vertaling en illustraties van André Vlaanderen, ingeleid door P. de Keyser.
260 ## - PUBLICATION, DISTRIBUTION, ETC.
Place of publication, distribution, etc. Amsterdam,
Name of publisher, distributor, etc. Wereld-Bibliotheek-Vereeniging,
Date of publication, distribution, etc. 1940.
300 ## - PHYSICAL DESCRIPTION
Extent 68 p.
Other physical details illus.
Dimensions 17 cm.
500 ## - GENERAL NOTE
General note Translation of Ein Märchen.
700 1# - ADDED ENTRY--PERSONAL NAME
Personal name Vlaanderen, André,
Relator term tr. and illus.

No items available.

Powered by Koha